000 00321nam a22001097a 4500
082 _a338.954IND.
245 _aIndian, planning commission, fourth five year plan.
260 _aIndia.
_bGovernment of India, Planning commission.
_c1970.
300 _aix, 430p.
_b23cm.
500 _aIncludes appendix and index.
942 _cBK
999 _c13916
_d13916